แสดงรายละเอียดบรรณานุกรม
  กลับหน้าหลัก

Brief Record : Get Marc (ISO 2709) : E-mail record : QR code ปิดหน้าต่าง
E-books : เกี่ยวกับ Collections
LEADER 00000nama 2200000uu 4500
001    198129
003     ULIBM
008    040531s|||| th m m a000 0 tha d
020    9789747538977
041    tha
050    WS350 ต367 2550 ล.2
100    วินัดดา ปิยะศิลป์,บรรณาธิการ.
245    ตำราจิตเวชเด็กและวัยรุ่น เล่ม 2/บรรณาธิการ,วินัดดา ปิยะศิลป์ และ พนม เกตุมาน.
260    กรุงเทพฯ. ธนาเพรส. 2550.
300    305 หน้า.
650    1.จิตวิทยาเด็ก 2.จิตวิทยาวัยรุ่น 3.Adolescent Psychiatry 4.Child Psychiatry.
995    001
รายการนี้ยังไม่มีแท็ก
คุณยังไม่ได้ล็อกอิน คุณสามารถมีกิจกรรมร่วมกับเว็บไซต์ได้ แต่ต้องล็อกอินก่อน ::
  ล็อกอิน
ลำดับที่ ประเภท เลขเรียก สถานที่ สถานะ
1. หนังสือทั่วไป
หนังสือทั่วไป
WS350 ต367 2550 ล.2  
  
ห้องสมุด หอพักนักศึกษา (ห้องเหลือง) On Shelf
  ขอยืม
2. หนังสือทั่วไป
หนังสือทั่วไป
WS350 ต367 2550 ล.2  
  
ห้องสมุด หอพักนักศึกษา (ห้องเหลือง) On Shelf
  ขอยืม
3. หนังสือทั่วไป
หนังสือทั่วไป
WS350 ต367 2550 ล.2  
  
หนังสือทั่วไป On Shelf
  ขอยืม
   [แสดง 3/3 รายการ]

BibComment


ยังไม่เคยถูกคอมเมนท์

คอมเมนท์ทรัพยากรรายการนี้
  คอมเมนท์: ตำราจิตเวชเด็กและ..
Bib 198129

 
 
 

 Union Library Management : ULibM
Copyright 2026. All Rights Reserved.
скачать бесплатно без регистрации порно красивый секс HD Sex Hindi sex

xxx gou

xxxx

bfxxx

xxxwww

Секса Видео

xxxx

Секса Видео

detube

geilexxx

C99 Shell

worms shell

blod xxx video
Ebony Coed Rihanna Rimes Takes A Dick In Her Young Twat priyaa indian fuck anal and pusssy hardcore indian women xxx desi hardcore fucking part 1 bengalixxxcouple